Baníctvo na Slovensku

Z obsahu: V minulom roku došlo k stabilizácii ťažby nerastov, ťažba uhlia a magnezitu zaznamenala mierny rast. V Košiciach ťažba a spracovanie magnezitu vstáva z mŕtvych. Želba Spišská Nová Ves oživuje ťažbu v päť rokov konzervovanej bani. Spoločnosť Rozmin chce v Gemerskej Polome rozbehnúť v septem...

Ausführliche Beschreibung

Gespeichert in:
Bibliographische Detailangaben
1. Verfasser: Hirman, Karel
Weitere Verfasser: Immer, Ján
Format: Buchkapitel
Sprache:Slowakisch
Schlagworte:
Tags: Tag hinzufügen
Keine Tags, Fügen Sie das erste Tag hinzu!

MARC

LEADER 00000naa a2200000 4500
001 r032163
005 20230921084131.6
041 0 |a slo 
044 |a SK 
245 1 0 |a Baníctvo na Slovensku  |c Karel Hirman, Ján Immer 
520 |a Z obsahu: V minulom roku došlo k stabilizácii ťažby nerastov, ťažba uhlia a magnezitu zaznamenala mierny rast. V Košiciach ťažba a spracovanie magnezitu vstáva z mŕtvych. Želba Spišská Nová Ves oživuje ťažbu v päť rokov konzervovanej bani. Spoločnosť Rozmin chce v Gemerskej Polome rozbehnúť v septembri otvárku ložiska mastenca. 
610 2 0 |a baníctvo 
610 2 0 |a bane 
610 2 0 |a bane rudné 
610 2 0 |a bane uhoľné 
610 2 0 |a ťažba nerastov 
610 2 0 |a nerasty 
610 2 0 |a Slovensko 
100 1 |a Hirman, Karel 
700 1 |a Immer, Ján